Statistics for Main Colleges of Utah

Click here to take the quiz!

General Stats

  • This quiz has been taken 17 times
  • The average score is 5 of 9

Answer Stats

Answer% Correct
BYU
100%
USU
67%
UVU
67%
Utah Tech
60%
U of U
53%
Snow College
40%
SUU
40%
Weber State University
40%
SLCC
33%

Score Distribution

Percentile by Number Answered

Percent of People with Each Score

Your Score History

You have not taken this quiz